Wildlife field research and conservation training manual / (Registro nro. 9090)

Detalles MARC
000 -CABECERA
Campo de control 00914nam a22002417a 4500
005 - FECHA Y HORA DE LA ULTIMA TRANSACCION
Campo de control 20150306164621.0
008 - ELEMENTOS DE LONGITUD FIJA—INFORMACION GENERAL
Campo de control 940520s1993 nyua bf 000 0 eng
020 ## - ISBN
ISBN 0964278707
040 ## - FUENTE DE CATALOGACIÓN
Agencia catalogadora original DLC
Agencia transcriptora DLC
Agencia Modificadora DLC
-- Co-BOIAvH
041 ## - IDIOMA
Código de idioma para texto/pista de sonido o título separado Inglés
044 ## - PAÍS DE PUBLICACIÓN
País de publicación Estados Unidos
082 00 - NUMERO DE CLASIFICACION DECIMAL DEWEY
Número de clasificación 639.9
Número del ítem R11w
100 1# - ASIENTO PRINCIPAL--NOMBRE PERSONAL
Nombre personal Rabinowitz, Alan,
Fechas asociadas con el nombre 1953-
245 10 - MENCION DE TITULO
Título Wildlife field research and conservation training manual /
Mención de responsabilidad Alan Rabinowitz.
260 ## - PUBLICACION, DISTRIBUCION, ETC. (PIE DE IMPRENTA)
Lugar de publicación, distribución, etc. Bronx, New York :
Nombre del editor, distribuidor, etc. Wildlife Conservation Society, International Conservation,
Fecha de publicación, distribución, etc. c1993.
300 ## - DESCRIPCION FISICA
Extensión 281 p. :
Otros detalles físicos ilustraciones ;
Dimensiones 25 cm.
504 ## - NOTA DE BIBLIOGRAFIA, ETC.
Nota de bibliografía Incluye referencias bibliográficas (par 235-238).
650 #0 - ASIENTO SECUNDARIO DE MATERIA - TERMINO TEMATICO
Término temático o nombre geográfico como elemento de entrada Wildlife research
Subdivisión general Handbooks, manuals, etc.
650 #0 - ASIENTO SECUNDARIO DE MATERIA - TERMINO TEMATICO
Término temático o nombre geográfico como elemento de entrada Wildlife conservation
Subdivisión general Handbooks, manuals, etc.
650 #0 - ASIENTO SECUNDARIO DE MATERIA - TERMINO TEMATICO
Término temático o nombre geográfico como elemento de entrada Wildlife management
Subdivisión general Handbooks, manuals, etc.
651 #4 - ASIENTO SECUNDARIO DE MATERIA - NOMBRE GEOGRAFICO
Nombre geográfico Conservación de la fauna
942 ## - ELEMENTOS ADICIONALES (KOHA)
Sistema de clasificación Dewey Decimal Classification
Tipo de ítem Libro
Existencias
Withdrawn status Lost status Sistema de Clasificación Damaged status No para préstamo Colección Inventariado Ubicación Permanente Ubicación actual Fecha de adquisición Fuente de Valor Valor Total Checkouts Número topográfico Inventario / Código de Barras Date last seen Ejemplar Price effective from Forma de adquisición Tipo de material
    Dewey Decimal Classification     General Inventariado 2017 Bogotá Bogotá 06/03/2015 Instituto 39000.00   LB-639.9 R11w 038824 06/03/2015 Ej. 1 06/03/2015   Libro